Southville International School and Colleges
Your cart is empty.
  • Cart
  • Lists
    Public lists list_1 View all
    Your lists Log in to create your own lists
  • Log in to your account
  • Your cookies
  • Search history
Southville International School and Colleges
  • Advanced search
  • Recent comments
  • Most popular
  • Libraries

Log in to your account

Log in with GOOGLE


If you do not have an external account, but do have a local account, you can still log in:

  1. Home
  2. MARC view: Managerial accounting :
Normal view MARC view ISBD view

Managerial accounting : (Record no. 340261)

[ view plain ]
MARC details
000 -LEADER
fixed length control field 00655nam a22001937a 4500
003 - CONTROL NUMBER IDENTIFIER
control field SISC
005 - DATE AND TIME OF LATEST TRANSACTION
control field 20170712150408.0
008 - FIXED-LENGTH DATA ELEMENTS--GENERAL INFORMATION
fixed length control field 170711b xxu||||| |||| 00| 0 eng d
020 ## - INTERNATIONAL STANDARD BOOK NUMBER
International Standard Book Number 9789814738583
050 ## - LIBRARY OF CONGRESS CALL NUMBER
Classification number HF 3657.4
Item number P719 2015
100 ## - MAIN ENTRY--PERSONAL NAME
Personal name Platt, Hilton.
245 ## - TITLE STATEMENT
Title Managerial accounting :
Remainder of title creating value in a dynamic business environment /
Statement of responsibility, etc Hilton Platt.
260 ## - PUBLICATION, DISTRIBUTION, ETC. (IMPRINT)
Place of publication, distribution, etc [Manila?] :
Name of publisher, distributor, etc McGraw-Hill Education,
Date of publication, distribution, etc 2015.
300 ## - PHYSICAL DESCRIPTION
Extent xxxvi, 809 pages :
Other physical details illustrations ;
Dimensions 26 cm.
500 ## - GENERAL NOTE
General note Includes appendices, bibliographic references, glossary, and index.
650 ## - SUBJECT ADDED ENTRY--TOPICAL TERM
Topical term or geographic name as entry element Accounting.
650 ## - SUBJECT ADDED ENTRY--TOPICAL TERM
Topical term or geographic name as entry element Managerial accounting.
942 ## - ADDED ENTRY ELEMENTS (KOHA)
Source of classification or shelving scheme Library of Congress Classification
Koha item type Books
Holdings
Withdrawn status Lost status Source of classification or shelving scheme Damaged status Home library Current library Shelving location Date acquired Source of acquisition Total Checkouts Total Renewals Full call number Barcode Date last seen Date checked out Price effective from Koha item type
    Library of Congress Classification   College Library College Library Reserve Section 07/11/2017 Library Fund 2 4 HF 3657.4 .P719 2015 C20988 12/14/2020 11/16/2020 07/11/2017 Books

Managerial accounting :

APA

Platt H., . (2015). Managerial accounting. [Manila?]: McGraw-Hill Education.

Chicago

Platt Hilton, . 2015. Managerial accounting. [Manila?]: McGraw-Hill Education.

Harvard

Platt H., . (2015). Managerial accounting. [Manila?]: McGraw-Hill Education.

MLA

Platt Hilton, . Managerial accounting. [Manila?]: McGraw-Hill Education. 2015.

  • Place hold
  • Print
  • Cite
  • Add to your cart (remove)
  • Save record
    BIBTEX Dublin Core MARCXML MARC (non-Unicode/MARC-8) MARC (Unicode/UTF-8) MARC (Unicode/UTF-8, Standard) MODS (XML) RIS
  • More searches
    Search for this title in:
    Other Libraries (WorldCat) Other Databases (Google Scholar) Online Stores (Bookfinder.com) Open Library (openlibrary.org)

Exporting to Dublin Core...

SOUTHVILLE LIBRARY

Southville International School and Colleges Library

1281 Tropical Ave. Cor. Luxembourg St., BF Homes International, Las Pinas City

Tel. No. 8256374 / 252358 Loc. 117/146

Powered by Koha